| 000 | 00523cam a2200193ua 4500 | ||
|---|---|---|---|
| 020 |
_a0 408 0133 8 _c115.24 |
||
| 041 |
_aeng _h |
||
| 082 |
_a629.2223 _bMIL/CA |
||
| 100 | _aMiller, Chas E . | ||
| 245 |
_aCar maintenance and repair: A practical introduction / _cChas E Miller. _hTextual Documents |
||
| 250 |
_a1 / _b. |
||
| 260 |
_aLondon : _bButterworth Scientific , _c1984. |
||
| 300 | _a136 ; . | ||
| 365 | _a115.24 | ||
| 504 | _a | ||
| 700 | 1 | _aRea, Dennis . | |
| 942 | _cBK | ||
| 999 |
_c9275 _d9275 |
||